000 01026nam a2200265 i 4500
001 bg
100 1 _aSZEWCZYK, Bogusław
245 1 0 _aTermomodernizacja instalacji w budownictwie przemysłowym i użyteczności publicznej :
_bporadnik - informator /
_cBogusław Szewczyk.
260 _aWarszawa :
_bOśr. Informacji "Technika instalacyjna w budownictwie",
_c1999.
300 _a187 s. :
_bfot., rys., wykr. ;
_c24 cm.
504 _aBibliogr. s. 186-187.
521 _aDla inwestorów i użytkowników oraz projektantów modernizujących instalacje: ogrzewcze, wentylacyjne, klimatyzacyjne i technologiczne w obiektach budownictwa przemysłowego i użyteczności publicznej.
650 9 _aBudownictwo przemysłowe
_xzagadnienia
650 9 _aKlimatyzacja
650 9 _aOgrzewanie
650 9 _aWentylacja
655 _aPoradniki
020 _a8390927330
040 _cBPK
041 0 _apl
080 _a697::725](083.1)
920 _a83-909273-3-0
942 _cKS
008 s pl f |000 0 pol
999 _c35785
_d35785
856 _uhttp://koha.tu.koszalin.pl/cgi-bin/koha/opac-detail.pl?biblionumber=35785
_yKatalog online BPK